000 00692nam a22002417a 4500
001 32776
003 UA-OsUOA
005 20220704234810.0
007 ta
008 20050211b un ||||| |||| 00| 0 ukr d
040 _aUA-OsUOA
_brus
_cUA-OsUOA
_dUA-OsUOA
041 _arus
044 _aRU
080 _a821.161.1
090 _a821.161.1
_bЧ-49
100 _aЧернышевский Н.
245 _aЧто делать?
_cН. Чернышевский ; вступ. статья П. Николаев
260 _aМосква
_bХудожественная литература
_c1969
300 _a446 с.
_bІлюстрації
650 7 _2UDC
942 _cBK
_2udc
955 _a0
999 _c319229
_d319229